| 000 | 00911cam a2200313 ib4500 | ||
|---|---|---|---|
| 001 | 2469422 | ||
| 003 | YEEZEN | ||
| 005 | 20241226104626.0 | ||
| 008 | 241125s2024 ch g 000 0 chi d | ||
| 020 |
_a9786263559370 _q(平裝) : _cNT$480 |
||
| 040 |
_aTCPL _bchi _cTCPL _dTCPL _eccr |
||
| 042 | _anbic | ||
| 084 |
_a487.1 _2ncsclt |
||
| 090 | _a487.1 | ||
| 100 | 1 | _a朱乙真 | |
| 245 | 1 | 0 |
_a守護生命的關鍵力量 : _b醫療幕後英雄醫工師 / _c朱乙真, 黃筱珮, 邵冰如著 |
| 246 | 3 | 0 | _a醫療幕後英雄醫工師 |
| 250 | _a第一版 | ||
| 260 |
_a臺北市 : _b遠見天下文化, _c2024.09 |
||
| 300 |
_a287面 ; _c21公分 |
||
| 490 | 1 |
_a財經企管 ; _v856. |
|
| 650 | 7 |
_a醫院衛材管理 _2lcstt. |
|
| 650 | 7 |
_a醫療用品 _2lcstt. |
|
| 650 | 7 |
_a機器維修 _2lcstt. |
|
| 700 | 1 | _a黃筱珮 | |
| 700 | 1 | _a邵冰如 | |
| 830 | 0 |
_a財經企管 ; _v856. |
|
| 942 |
_2ccl _cBOOK |
||
| 999 |
_c7622 _d7622 |
||